Plus grandes villes des pays commençant par I - Statistiques

Statistiques générales
  • Ce quiz a été pris 43 fois
  • Le résultat moyen est 11 sur 20
Statistiques - réponses
Nombre d'habitants Ville % Correct
4 400 000 habitants Rome
93%
27 600 000 habitants Delhi
90%
33 700 000 habitants Jakarta
80%
8 300 000 habitants Milan
80%
22 400 000 habitants Mumbai
75%
4 600 0 00 habitants Naples
75%
16 200 000 habitants Téhéran
73%
15 000 000 habitants Kolkata
68%
11 800 000 habitants Bagdad
63%
11 900 000 habitants Bangalore
60%
13 500 000 habitants Chennai
55%
10 000 000 habitants Hyderabad
43%
8 500 000 habitants Bandung
38%
12 400 000 habitants Surabaya
38%
7 800 000 habitants Pune
35%
6 700 000 habitants Ahmedabad
30%
4 700 000 habitants Medan
28%
6 400 000 habitants Surate
20%
4 800 000 habitants Kanpur
10%
5 650 000 habitants Visakhapatnam
8%
Aucun quiz correspondant
Distribution des résultats
% des personnes avec chaque résultat
Percentile par nombre de réponses
Votre historique - résultats
Vous n’avez pas pris ce quiz